Meilleurs joueurs de l'Equipe de France - Statistiques

Statistiques générales
  • Ce quiz a été pris 853 fois
  • Le résultat moyen est 16 sur 30
Statistiques - réponses
rang joueur % Correct
1 Zidane
98%
3 Henry
88%
2 Platini
86%
16 Griezmann
78%
19 Lloris
76%
8 Barthez
71%
6 Deschamps
71%
7 Thuram
71%
10 Blanc
69%
30 Trezeguet
63%
26 Ribery
61%
17 Petit
59%
9 Desailly
58%
20 Varane
58%
5 Fontaine
57%
18 Lizarazu
57%
4 Kopa
54%
12 Papin
53%
11 Vieira
52%
24 Djorkaeff
45%
25 Cantona
44%
27 Makelele
43%
23 Pires
39%
13 Giresse
31%
15 Tresor
31%
21 Wiltord
31%
14 Tigana
28%
28 Fernandez
23%
22 Rocheteau
22%
29 Bats
21%
Aucun quiz correspondant
Distribution des résultats
% des personnes avec chaque résultat
Percentile par nombre de réponses
Votre historique - résultats
Vous n’avez pas pris ce quiz